Acción educativa del gobierno federal del 1o. de septiembre de 1955 al 31 de agosto de 1956 : (Record no. 300)
[ view plain ]
| 000 -CABECERA | |
|---|---|
| campo de control de longitud fija | 00836nam a2200193 a 4500 |
| 005 - FECHA Y HORA DE LA ÚLTIMA TRANSACCIÓN | |
| campo de control | 20250211063743.0 |
| 008 - ELEMENTOS DE LONGITUD FIJA--INFORMACIÓN GENERAL | |
| campo de control de longitud fija | 991125s1956 mx 000 0 spa u |
| 035 ## - NÚMERO DE CONTROL DEL SISTEMA | |
| Número de control de sistema | UPN01000000300 |
| 049 ## - COLECCIÓN | |
| Colección | SEP |
| 050 #4 - SIGNATURA TOPOGRÁFICA DE LA BIBLIOTECA DEL CONGRESO | |
| Número de clasificación | L227 |
| Número de documento/Ítem | A2 1956 |
| 110 1# - ASIENTO PRINCIPAL--NOMBRE CORPORATIVO | |
| Nombre de entidad corporativa o nombre de jurisdicción como elemento de entrada | México. |
| Unidad subordinada | Secretaría de Educación Pública |
| 245 10 - MENCIÓN DE TÍTULO | |
| Título | Acción educativa del gobierno federal del 1o. de septiembre de 1955 al 31 de agosto de 1956 : |
| Resto del título | memoria / |
| Mención de responsabilidad, etc. | Secretaría de Educación Pública. |
| 260 ## - PUBLICACIÓN, DISTRIBUCIÓN, ETC. | |
| Lugar de publicación, distribución, etc. | México : |
| Nombre del editor, distribuidor, etc. | Poder Ejecutivo Federal, |
| Fecha de publicación, distribución, etc. | 1956. |
| 300 ## - DESCRIPCIÓN FÍSICA | |
| Extensión | 361 p. |
| 500 ## - NOTA GENERAL | |
| Nota general | "Informe que rinde al C. Presidente de la República, Don Adolfo Ruiz Cortinez, el C. Secretario de Educación Pública, Lic. José Angel Ceniceros" |
| 610 14 - ASIENTO SECUNDARIO DE MATERIA - NOMBRE CORPORATIVO | |
| Nombre de entidad corporativa o nombre de jurisdicción como elemento de entrada | México. |
| Unidad subordinada | Secretaría de Educación Pública |
| Subdivisión de forma | Informes |
| 9 (RLIN) | 5954 |
| 650 #7 - ASIENTO SECUNDARIO DE MATERIA - TERMINO TEMATICO | |
| Término de materia o nombre geográfico como elemento de entrada | Educación |
| Subdivisión geográfica | México |
| Subdivisión de forma | Informes |
| Fuente del encabezamiento o término | |
| 9 (RLIN) | 17193 |
| 905 ## - TIPO DE MATERIAL | |
| Tipo de material | Libro |
| Estado de retiro | Estado de pérdida | Fuente del sistema de clasificación o colocación | Estado dañado | No para préstamo | Código de colección | Localización permanente | Ubicación/localización actual | Ubicación en estantería | Fecha de adquisición | Clasificación | Código de barras | Fecha visto por última vez | Número de copia | Tipo de ítem Koha |
|---|---|---|---|---|---|---|---|---|---|---|---|---|---|---|
| Library of Congress Classification | Coleccion SEP | Colección SEP | Bib. Gregorio Torres Quintero | Bib. Gregorio Torres Quintero | Colección SEP | 09/05/2023 | L227 A2 1956 | 125567 | 31/12/2020 | 1 | Libro | |||
| Library of Congress Classification | Coleccion SEP | Colección SEP | Bib. Gregorio Torres Quintero | Bib. Gregorio Torres Quintero | Colección SEP | 09/05/2023 | L227 A2 1956 | 45586 | 31/12/2020 | 1 | Libro | |||
| Library of Congress Classification | Coleccion SEP | Colección SEP | Bib. Gregorio Torres Quintero | Bib. Gregorio Torres Quintero | Colección SEP | 09/05/2023 | L227 A2 1956 | 128630 | 31/12/2020 | 1 | Libro |
